| 000 | 00591nam a2200145Ia 4500 | ||
|---|---|---|---|
| 008 | 100122s9999 xx 000 0 und d | ||
| 082 |
_b49296 _a294.5 |
||
| 100 | _aगोडबोले अरुण | ||
| 245 | _aश्रीमनाचे श्लोक : एक मागोवा भाग 3 | ||
| 260 |
_bकौशिक प्रकाशन _c1993 |
||
| 300 | _a148 | ||
| 630 | _aश्रीमनाचे श्लोक : एक मागोवा भाग 3 | ||
| 730 | _aश्रीमनाचे श्लोक : एक मागोवा भाग 3 | ||
| 942 | _cBOOK | ||
| 999 |
_c427360 _d427357 |
||